Cidades mais populosas do Brasil por letra - Statistics

Estatísticas Gerais
  • Esse quiz foi jogado 114 vezes
  • A pontuação média é 16 de 21
Estatísticas das Respostas
Inicial Resposta % Correto
B Brasília, Belo Horizonte, Belém, Belford Roxo e Betim.
98%
C Curitiba, Campinas, Campo Grande, Contagem e Cuiabá.
96%
R Rio de Janeiro, Recife, Ribeirão Preto, Rio Branco e Ribeirão das Neves.
95%
S São Paulo, Salvador, São Luís, São Gonçalo e São Bernardo do Campo.
95%
F Fortaleza, Feira de Santana, Florianópolis, Franca e Foz do Iguaçu.
92%
M Manaus, Maceió, Macapá, Mauá e Mogi das Cruzes.
92%
G Goiânia, Guarulhos, Guarujá, Governador Valadares e Gravataí.
90%
N Natal, Nova Iguaçú, Niterói, Novo Hamburgo e Nova Friburgo.
86%
J João Pessoa, Jaboatão dos Guararapes, Joinville, Juiz de Fora e Jundiaí.
85%
P Porto Alegre, Porto Velho, Piracicaba, Pelotas e Ponta Grossa.
85%
A Aracaju, Aparecida de Goiânia, Ananindeua, Anápolis e Arapiraca.
84%
V Vila Velha, Vitória, Vitória da Conquista, Várzea Grande e Volta Redonda.
80%
U Uberlândia, Uberaba, Uruguaiana, Ubá e Umuarama.
77%
D Duque de Caxias, Diadema, Divinópolis e Dourados.
75%
T Teresina, Taubaté, Taboão da Serra, Teresópolis e Timon.
75%
L Londrina, Limeira, Luziânia, Lauro de Freitas e Linhares.
63%
O Osasco e Ourinhos.
55%
I Itaquaquecetuba, Ipatinga, Imperatriz, Indaiatuba e Itaboraí.
53%
H Hortolândia.
41%
E Embu das Artes, Eunápolis e Erechim.
36%
Q Queimados.
27%
Nenhum quiz correspondente encontrado
Distribuição das Pontuações
Porcentagem de Pessoas com Cada Pontuação
Percentil de Números Respondidos
Sua Pontuação Histórica
Você não jogou esse quiz